| 000 | 00779nam0a22002771 4500 | ||
|---|---|---|---|
| 001 | v19\rc\2039878 | ||
| 005 | 20251118181605.2 | ||
| 035 | _a(NLR Aleph) 005117648 | ||
| 090 |
_a7560387 _c7560387 |
||
| 100 | _a20080925d1917 u y0rusy50 ca | ||
| 101 | 0 | _arus | |
| 102 | _aRU | ||
| 105 | _ay z |||a| | ||
| 200 | 1 |
_aК жизни и свету _e[Стихи] _fА.Н. Смирнов |
|
| 210 |
_aЯрославль _cтипо-лит. Е.Ф. Вахрамеева _d1917 |
||
| 215 |
_a16 с. _d17 |
||
| 532 | 1 | 3 | _aК жизни и свету |
| 700 | 1 |
_aСмирнов _bА.Н. |
|
| 801 | 0 |
_aRU _bNLR _gpsbo |
|
| 801 | 0 |
_aRU _bRuMoRGB _2psbo |
|
| 801 | 1 |
_aRU _bProSoft-M _2rusmarc |
|
| 852 |
_aNLR _j34.106.1.206 |
||
| 899 | _aБАН | ||
| 942 | _cBOOK | ||
| 980 | _aNB | ||